Estudos sobre a familia brasileira realizados nos últimos 25 anos

Bewaard in:
Bibliografische gegevens
Hoofdauteur: Trujillo, María Salete Z
Formaat: Texto
Taal:Spanish
Gepubliceerd in: San José :
Tags: Voeg label toe
Geen labels, Wees de eerste die dit record labelt!

MARC

LEADER 00000 a a2200000 04500
001 17719
003 cru CIDCACS/IIS
005 20181205125055.0
008 181205b ||||| |||| 00| 0 spa d
999 |c 12125  |d 12125 
040 |c cru CIDCACS/IIS 
090 |a SO05.01.01 S163d  
100 |a Trujillo, María Salete Z  
245 |a Estudos sobre a familia brasileira realizados nos últimos 25 anos  
260 |a San José :  
300 |a 18 páginas 
942 |2 ddc  |c LI